000 00486nam a22001937a 4500
999 _c5524
_d5524
003 GBCCL
005 20241126110544.0
008 180326b ||||| |||| 00| 0 eng d
020 _a0862010845
040 _cgbc
082 _a220.7
_bBIB
100 _aHill, J.R.
_99966
245 _aJohn /
_cJ.R. Hill
260 _bARK Publishing,
_aLondon:
_c1981
300 _a112 p.;
_bill.,
_c21 cm.
440 _aBible Study Commentary
_97334
650 _aBible
_vJohn
_99967
942 _2ddc
_cBK
_01